| 000 | 00461pab a2200181 454500 | ||
|---|---|---|---|
| 008 | 180718b2008 xxu||||| |||| 00| 0 eng d | ||
| 100 | _aNayar, P.K.B. | ||
| 245 | _aSocial justice in a globalised world: encounters with state and civil society | ||
| 260 | _c2008 | ||
| 300 | _ap.3-29. | ||
| 362 | _aJan-Apr | ||
| 650 | _aCivil society | ||
| 650 | _aState | ||
| 650 | _aSocial justice | ||
| 773 | _aSociological Bulletin | ||
| 908 | _aN | ||
| 909 | _a78688 | ||
| 999 |
_c78688 _d78688 |
||